Drôles de gentilés - Statistiques

Statistiques générales
  • Ce quiz a été pris 38 fois
  • Le résultat moyen est 6 sur 15
Statistiques - réponses
Question Réponse % Correct
Les habitants de Bonny-sur-Loire dans le Loiret sont appelés les... Bonnychons
67%
Habiter Béziers dans l'Hérault, c'est s'appeler les... Biterrois
63%
A Saint-Pierre-des-Corps en Indre-et-Loire, mieux vaut ne pas être dyslexique pour pouvoir lire son gentilé ! Comment s'appellent les habitants ? Corpopétrussiens
47%
A Longcochon dans le Jura, on n'est pas cochon mais on se... Couchetard
47%
Déjà qu'habiter à Puteaux dans les Hauts-de-Seine ça craint, s'appeler en plus les (...), ça craint encore plus ! Putéoliens et les Putéoliennes
47%
Où habitent les Bellecombais, mais surtout les Bellecombaises ? Notre-Dame-de-Bellecombe
43%
Dans le Doubs, à Saint-Antoine, les habitants portent un gentilé... original. Lequel ? Chats Borgnes
40%
D'où viennent les Crandellois ? Deux-Verges, dans le Cantal
37%
Et ceux de Villechien dans la Manche ? Toutouvillais
37%
Comment appelle-t-on les habitants d'Olley en Meurthe-et-Moselle ? Culs Brûlés
30%
Les Pépéens de la Sarthe proviennent de... Notre-Dame-du-Pé
30%
Quel nom portent les villageois de Métabief dans le Doubs ? Chats-Gris
27%
A Les Mayons dans le Var, on appelle les habitantes : Les Mayonnaises
27%
Comment appelle-t-on les habitants de la ville de Cuvier dans le Jura ? Ventres sans fond
27%
Vivre à Saint-Amand-sur-Fion dans la Marne n'est pas chose aisée. Mais porter son gentilé n'est pas plus simple. A Saint-Amand-sur-Fion, les gens s'appellent les... Godins
13%
Aucun quiz correspondant
Distribution des résultats
% des personnes avec chaque résultat
Percentile par nombre de réponses
Votre historique - résultats
Vous n’avez pas pris ce quiz